<?xml version="1.0" encoding="UTF-8"?>
<collection xmlns="http://www.loc.gov/MARC21/slim">
 <record>
  <leader>01843pam a22002778a 4500</leader>
  <controlfield tag="001">00020399</controlfield>
  <controlfield tag="005">20171026081023.0</controlfield>
  <controlfield tag="008">110517s2003                  ||||||Viesd</controlfield>
  <datafield tag="041" ind1="0" ind2="#">
   <subfield code="a">Vie</subfield>
  </datafield>
  <datafield tag="082" ind1="1" ind2="4">
   <subfield code="a">540.71</subfield>
   <subfield code="b">H401H</subfield>
  </datafield>
  <datafield tag="100" ind1="0" ind2="#">
   <subfield code="a">Hà Thị Ngọc Loan</subfield>
  </datafield>
  <datafield tag="245" ind1="0" ind2="0">
   <subfield code="a">Hóa học đại cương 3 Thực hành trong phòng thí nghiệm</subfield>
   <subfield code="b">Giáo trình CĐSP</subfield>
   <subfield code="c">Hà Thị Ngọc Loan</subfield>
  </datafield>
  <datafield tag="260" ind1="#" ind2="#">
   <subfield code="a">H.</subfield>
   <subfield code="b">ĐH Sư phạm</subfield>
   <subfield code="c">2003</subfield>
  </datafield>
  <datafield tag="300" ind1="#" ind2="#">
   <subfield code="a">231 tr.</subfield>
   <subfield code="c">24 cm.</subfield>
  </datafield>
  <datafield tag="500" ind1="#" ind2="#">
   <subfield code="a">Bộ GD &amp; ĐT. Dự án đào tạo giáo viên THCS</subfield>
  </datafield>
  <datafield tag="650" ind1="#" ind2="4">
   <subfield code="a">Hoá đại cương</subfield>
  </datafield>
  <datafield tag="650" ind1="#" ind2="4">
   <subfield code="a">Thí nghiệm</subfield>
  </datafield>
  <datafield tag="650" ind1="#" ind2="4">
   <subfield code="a">Thực hành</subfield>
  </datafield>
  <datafield tag="653" ind1="#" ind2="#">
   <subfield code="a">Giáo trình</subfield>
  </datafield>
  <datafield tag="653" ind1="#" ind2="#">
   <subfield code="a">Hóa vô cơ</subfield>
  </datafield>
  <datafield tag="852" ind1="#" ind2="#">
   <subfield code="b">Kho mượn</subfield>
   <subfield code="j">KGT.0006527</subfield>
  </datafield>
  <datafield tag="852" ind1="#" ind2="#">
   <subfield code="b">Kho đọc</subfield>
   <subfield code="j">KD.0005901</subfield>
  </datafield>
  <datafield tag="852" ind1="#" ind2="#">
   <subfield code="j">KD.0005901</subfield>
   <subfield code="j">KGT.0006527</subfield>
   <subfield code="j">KGT.0006529</subfield>
   <subfield code="j">KGT.0006530</subfield>
   <subfield code="j">KGT.0006532</subfield>
   <subfield code="j">KGT.0006533</subfield>
   <subfield code="j">KGT.0006535</subfield>
   <subfield code="j">KGT.0006536</subfield>
   <subfield code="j">KGT.0006538</subfield>
   <subfield code="j">KGT.0006539</subfield>
   <subfield code="j">KGT.0006541</subfield>
   <subfield code="j">KGT.0006542</subfield>
   <subfield code="j">KGT.0006544</subfield>
   <subfield code="j">KGT.0006545</subfield>
   <subfield code="j">KGT.0006547</subfield>
   <subfield code="j">KGT.0006548</subfield>
   <subfield code="j">KGT.0006550</subfield>
   <subfield code="j">KGT.0006551</subfield>
   <subfield code="j">KGT.0006553</subfield>
   <subfield code="j">KGT.0032409</subfield>
   <subfield code="j">KGT.0032441</subfield>
   <subfield code="j">KGT.0033025</subfield>
   <subfield code="j">KGT.0049147</subfield>
   <subfield code="j">KGT.0048958</subfield>
   <subfield code="j">KGT.0006528</subfield>
   <subfield code="j">KGT.0006531</subfield>
   <subfield code="j">KGT.0006534</subfield>
   <subfield code="j">KGT.0006537</subfield>
   <subfield code="j">KGT.0006540</subfield>
   <subfield code="j">KGT.0006543</subfield>
   <subfield code="j">KGT.0006546</subfield>
   <subfield code="j">KGT.0006549</subfield>
   <subfield code="j">KGT.0006552</subfield>
   <subfield code="j">KGT.0032713</subfield>
   <subfield code="j">KGT.0032986</subfield>
   <subfield code="j">KGT.0059257</subfield>
  </datafield>
  <datafield tag="852" ind1="#" ind2="#">
   <subfield code="j">KGT.0006527, KGT.0006528, KGT.0006529, KGT.0006530, KGT.0006531, KGT.0006532, KGT.0006533, KGT.0006534, KGT.0006535, KGT.0006536, KGT.0006537, KGT.0006538, KGT.0006539, KGT.0006540, KGT.0006541, KGT.0006542, KGT.0006543, KGT.0006544, KGT.0006545, KGT.0006546, KGT.0006547, KGT.0006548, KGT.0006549, KGT.0006550, KGT.0006551, KGT.0006552, KGT.0006553, KGT.0032409, KGT.0032441, KGT.0032713, KGT.0032986, KGT.0033025, KGT.0049147</subfield>
   <subfield code="b">Kho giáo trình</subfield>
  </datafield>
  <datafield tag="910" ind1="0" ind2="#">
   <subfield code="a">nhnam</subfield>
   <subfield code="d">17/05/2011</subfield>
  </datafield>
  <datafield tag="980" ind1="#" ind2="#">
   <subfield code="a">Trung tâm Học liệu Lê Vũ Hùng, Trường Đại học Đồng Tháp</subfield>
  </datafield>
 </record>
</collection>
